000
00338 a2200157 4500
001
150954
040
_c
Escola São Tomás de Aquino
100
_a
BANDEIRA, Pedro
240
1
0
_a
Anjo da morte
_l
por
245
1
0
_a
Anjo da morte
300
_a
192
362
0
_a
2014
440
1
_a
Moderna
697
_a
*LITERATURA JUVENIL
942
_c
BK
999
_c
150954
_d
150954